Statistics for Cities of the United States With Over 5M People

Click here to take the quiz!

General Stats

  • This quiz has been taken 32 times
  • The average score is 6 of 6

Answer Stats

PopulationStateCity% Correct
12,150,996CALos Angeles
100%
18,351,295NYNew York City
100%
8,608,208ILChicago
97%
5,121,892TXDallas
97%
5,502,379FLMiami
97%
5,441,567PAPhiladelphia
88%

Score Distribution

Percentile by Number Answered

Percent of People with Each Score

Your Score History

You have not taken this quiz